[Event "Dhaka IRT U2000"]
[Site "Dhaka"]
[Date "2018.02.15"]
[Round "2"]
[White "Mukitul, Islam Ripon"]
[Black "Md Abdur, Rashid"]
[Result "1-0"]
[WhiteElo "1874"]
[BlackElo "1629"]
[PlyCount "95"]
[EventDate "2018.02.14"]
[EventType "swiss"]
[EventRounds "9"]
[EventCountry "BAN"]
[SourceTitle "EXT 2024"]
[Source "ChessBase"]
[SourceDate "2023.10.10"]
[SourceVersion "1"]
[SourceVersionDate "2023.10.10"]
[SourceQuality "1"]

1. e4 e5 2. Nf3 Nc6 3. Bb5 Nge7 4. c3 Ng6 5. d4 exd4 6. cxd4 Qe7 7. 0-0 h6 8. Nc3 a6 9. Ba4 b5 10. Bc2 d6 11. h3 Nh4 12. e5 Nxf3+ 13. Qxf3 Bb7 14. exd6 cxd6 15. Qg4 h5 16. Qd1 0-0-0 17. Nd5 Qh4 18. Be3 Kb8 19. Kh2 Re8 20. g3 Qd8 21. a4 Na5 22. Bb3 Nc4 23. Bxc4 bxc4 24. Nc3 d5 25. a5 h4 26. Bf4+ Bd6 27. Qg4 Bc8 28. Bxd6+ Qxd6 29. Qf4 hxg3+ 30. fxg3 Qxf4 31. Rxf4 Bxh3 32. Kg1 Be6 33. b4 Rh3 34. Kg2 Reh8 35. b5 g5 36. Rff1 Rh2+ 37. Kf3 Rc2 38. Rac1 Rhh2 39. bxa6 Bh3 40. Rfe1 Rhf2+ 41. Ke3 Bg2 42. Rxc2 Rxc2 43. Na4 Ka7 44. Nc5 c3 45. Kd3 Rf2 46. Re7+ Ka8 47. Kxc3 Rf3+ 48. Kb4 1-0

[Event "Dhaka IRT U2000"]
[Site "Dhaka"]
[Date "2018.02.14"]
[Round "1"]
[White "Md Abdur, Rashid"]
[Black "Ibrahim, Parvej"]
[Result "1-0"]
[WhiteElo "1629"]
[BlackElo "1924"]
[PlyCount "79"]
[EventDate "2018.02.14"]
[EventType "swiss"]
[EventRounds "9"]
[EventCountry "BAN"]
[SourceTitle "EXT 2024"]
[Source "ChessBase"]
[SourceDate "2023.10.10"]
[SourceVersion "1"]
[SourceVersionDate "2023.10.10"]
[SourceQuality "1"]

1. e4 e5 2. Nf3 f5 3. Nc3 fxe4 4. Nxe4 d5 5. Ng3 e4 6. Nd4 Nf6 7. d3 exd3 8. Bxd3 Be7 9. Ngf5 0-0 10. 0-0 Bxf5 11. Nxf5 Bc5 12. Bg5 Nbd7 13. c3 c6 14. b4 Bb6 15. Qe2 Qc7 16. Qe6+ Kh8 17. Nd6 Ng4 18. Bf5 Ndf6 19. Bxg4 Nxg4 20. Qxg4 Qxd6 21. Rae1 Qg6 22. Qg3 Rf7 23. Re2 Bc7 24. Qe3 Raf8 25. Bh4 Rf4 26. Qe7 R4f7 27. Qe6 Qh5 28. Bg3 Bxg3 29. hxg3 Qf5 30. Qxf5 Rxf5 31. Re7 R5f7 32. Re3 g6 33. f3 Kg7 34. Rfe1 g5 35. g4 h6 36. Re6 Rf4 37. Kh2 Rc4 38. R1e3 a5 39. a3 Rf7 40. Rd6 1-0

[Event "Dhaka Powertec op-B"]
[Site "Dhaka"]
[Date "2017.07.19"]
[Round "5"]
[White "Md Abdur, Rashid"]
[Black "Mihir Lal, Das"]
[Result "0-1"]
[WhiteElo "1647"]
[BlackElo "1871"]
[PlyCount "70"]
[EventDate "2017.07.15"]
[EventType "swiss"]
[EventRounds "9"]
[EventCountry "BAN"]
[SourceTitle "EXT 2018"]
[Source "ChessBase"]
[SourceDate "2017.10.13"]
[SourceVersion "1"]
[SourceVersionDate "2017.10.13"]
[SourceQuality "1"]

1. e4 d5 2. exd5 Qxd5 3. Nc3 Qa5 4. Nf3 Bg4 5. h3 Bh5 6. Be2 Nf6 7. d3 c6 8. Nd2 Bg6 9. Nb3 Qc7 10. g3 Nbd7 11. Be3 e5 12. a3 Bd6 13. Bf3 a5 14. Qe2 a4 15. Nd2 0-0 16. h4 h6 17. h5 Bh7 18. g4 e4 19. Ndxe4 Bf4 20. 0-0-0 Nd5 21. Nxd5 cxd5 22. Nd2 Rac8 23. Nb1 d4 24. Bxf4 Qxf4+ 25. Nd2 Rfe8 26. Be4 Bxe4 27. dxe4 d3 28. Qxd3 Nc5 29. Qe3 Qxe3 30. fxe3 Nd3+ 31. Kb1 Nf2 32. Rdf1 Nxh1 33. Rxh1 Rc5 34. Rf1 Rg5 35. Rf4 g6 0-1

[Event "Dhaka SGS op"]
[Site "Dhaka"]
[Date "2017.06.11"]
[Round "9"]
[White "Martin T, Biswas"]
[Black "Md Abdur, Rashid"]
[Result "1-0"]
[WhiteElo "1570"]
[BlackElo "1929"]
[PlyCount "35"]
[EventDate "2017.06.03"]
[EventType "swiss"]
[EventRounds "9"]
[EventCountry "BAN"]
[SourceTitle "EXT 2024"]
[Source "ChessBase"]
[SourceDate "2023.10.10"]
[SourceVersion "1"]
[SourceVersionDate "2023.10.10"]
[SourceQuality "1"]

1. e4 e5 2. Bc4 Nc6 3. Nf3 Bc5 4. 0-0 d6 5. c3 Nf6 6. d3 0-0 7. Bg5 a6 8. Bb3 Be6 9. Nbd2 Qd7 10. Bxf6 gxf6 11. Nh4 Ne7 12. Qf3 Ng6 13. Qxf6 Bxb3 14. Nf5 Qxf5 15. exf5 Bc2 16. fxg6 Bxd3 17. gxh7+ Bxh7 18. Nf3 1-0